000
00321 a2200145 4500
001
168224
020
_a
040
_c
Magnum
100
_a
Katch, Frank I.
240
1
0
_a
Nutricao, exercicio e saude
_l
por
245
1
0
_a
Nutricao, exercicio e saude
362
0
_a
1899
697
_a
CIENCIAS MEDICAS SAUDE
942
_c
BK
999
_c
168224
_d
168224